000 01147nam2a22002171 4500
001 v19\rc\1468228
005 20250618145558.0
035 _a(NLR Aleph) 004604263
090 _a2827169
_c2827169
100 _a20060620f18761917|||y0rusy50 ca
101 0 _arus
102 _aRU
105 _ay z |||||
200 0 _aДоклад № 37 ... [за 1888 год]
461 0 _1001v19\rc\1468224
_12001#$aДоклады Костромской губернской земской управы Губернскому земскому собранию [по отдельным вопросам] ...$vДоклад № 37 ... [за 1888 год]
_92827124
_aКостромская губернская земская управа
_cКострома
_dценз. 1876-1917
_tДоклады Костромской губернской земской управы Губернскому земскому собранию [по отдельным вопросам] ...
_vДоклад № 37 ... [за 1888 год]
801 0 _aRU
_bNLR
_gpsbo
801 0 _aRU
_bRuMoRGB
_2psbo
801 1 _aRU
_bProSoft-M
_2rusmarc
852 _aNLR
_jDesideratum
942 _cBOOK
980 _aNB